Chemical engineering kinetics (Record no. 6589)

000 -LEADER
fixed length control field 00510nam a2200193 4500
001 - CONTROL NUMBER
control field 6589
003 - CONTROL NUMBER IDENTIFIER
control field BD-DhUET
008 - FIXED-LENGTH DATA ELEMENTS--GENERAL INFORMATION
fixed length control field 700825s1970 nyua b 001 0 eng
040 ## - CATALOGING SOURCE
Transcribing agency 0
Modifying agency BD-DhUET
Original cataloging agency DLC
082 00 - DEWEY DECIMAL CLASSIFICATION NUMBER
Classification number 541.39
Item number SMI/1970
100 ## - MAIN ENTRY--PERSONAL NAME
Personal name Smith, J. M.
245 10 - TITLE STATEMENT
Title Chemical engineering kinetics
250 ## - EDITION STATEMENT
Edition statement 2nd ed.
260 ## - PUBLICATION, DISTRIBUTION, ETC. (IMPRINT)
Place of publication, distribution, etc. New York
Name of publisher, distributor, etc. McGraw-Hill
Date of publication, distribution, etc. 1970
300 ## - PHYSICAL DESCRIPTION
Extent xviii, 612p.
Other physical details ill.
490 0# - SERIES STATEMENT
Series statement McGraw-Hill chemical engineering series
650 #0 - SUBJECT ADDED ENTRY--TOPICAL TERM
Topical term or geographic name as entry element Kinetics : Physical chemistry
942 ## - ADDED ENTRY ELEMENTS (KOHA)
Koha item type General Book
Holdings
Koha normalized classification for sorting Location (home branch) Koha full call number Piece designation (barcode) Not for loan Damaged status Source of classification or shelving scheme Withdrawn status Price effective from Lost status Koha date last seen Sublocation or collection (holding branch) Koha item type Copy number Date acquired Shelving location
541_390000000000000_SMI_1970Central Library, BUET541.39/SMI/197084576    2014-12-04 2014-12-04Central Library, BUETGeneral Book12014-12-04Circulation section
541_390000000000000_SMI_1970Central Library, BUET541.39/SMI/197029865    2014-12-12 2014-12-12Central Library, BUETGeneral Book22014-12-12Circulation section
541_390000000000000_SMI_1970Central Library, BUET541.39/SMI/197029867    2014-12-12 2014-12-12Central Library, BUETGeneral Book32014-12-12Circulation section
541_390000000000000_SMI_1970Central Library, BUET541.39/SMI/197029863    2014-12-12 2014-12-12Central Library, BUETGeneral Book42014-12-12Circulation section
541_390000000000000_SMI_1970Central Library, BUET541.39/SMI/197029871    2015-03-11 2015-03-11Central Library, BUETGeneral Book52015-03-11Circulation section
541_390000000000000_SMI_1970Central Library, BUET541.39/SMI/197029868    2015-03-14 2015-03-14Central Library, BUETGeneral Book62015-03-14Circulation section
541_390000000000000_SMI_1970Central Library, BUET541.39/SMI/197037045    2015-03-14 2015-03-14Central Library, BUETGeneral Book72015-03-14Circulation section
541_390000000000000_SMI_1970Central Library, BUET541.39/SMI/197029869    2015-04-23 2015-04-23Central Library, BUETGeneral Book82015-04-23Circulation section
541_390000000000000_SMI_1970Central Library, BUET541.39/SMI/197029859    2015-04-23 2015-04-23Central Library, BUETGeneral Book92015-04-23Circulation section
541_390000000000000_SMI_1970Central Library, BUET541.39/SMI/197029870    2015-04-26 2015-04-26Central Library, BUETGeneral Book102015-04-26Circulation section
541_390000000000000_SMI_1970Central Library, BUET541.39/SMI/197029861    2015-04-26 2015-04-26Central Library, BUETGeneral Book112015-04-26Circulation section
541_390000000000000_SMI_1970Central Library, BUET541.39/SMI/197025967    2015-04-27 2015-04-27Central Library, BUETGeneral Book122015-04-27Circulation section
541_390000000000000_SMI_1970Central Library, BUET541.39/SMI/197029860    2015-04-27 2015-04-27Central Library, BUETGeneral Book132015-04-27Circulation section
541_390000000000000_SMI_1970Central Library, BUET541.39/SMI/197029862    2015-06-08 2015-06-08Central Library, BUETReading Item142015-06-08Reading section
541_390000000000000_SMI_1970Central Library, BUET541.39/SMI/197029866    2015-06-08 2015-06-08Central Library, BUETReading Item152015-06-08Reading section
541_390000000000000_SMI_1970Central Library, BUET541.39/SMI/197029872    2015-06-08 2015-06-08Central Library, BUETReading Item162015-06-08Reading section
541_390000000000000_SMI_1970Central Library, BUET541.39/SMI/197029864    2015-06-08 2015-06-08Central Library, BUETReading Item172015-06-08Reading section